An Act to continue an Act, made in the fifth year of the reign of His late Majesty King George the Second, (intituled, An Act to prevent the committing of frauds by bankrupts) : and also an Act, made in the fourteenth year of the reign of His present Majesty, (intituled, An Act to prohibit the importation of light silver coin of this realm from foreign countries into Great Britain or Ireland, and to restrain the tender thereof beyond a certain sum).

Bibliographic Details
Corporate Authors: Great Britain, Gale (Firm)
Format: eBook
Language:English
Subjects:
Online Access:Connect to the full text of this electronic book

MARC

Tag First Indicator Second Indicator Subfields
LEADER 00000cam a2200000 4500
001 in00003841925
005 20190415183626.0
006 m o d
007 cr |n||||||||n
008 931110s1776 enk|||| o o00| ||eng c
035 |a (CU-RivES)N57645 
035 |a (Uk-ES)006052051 
035 |a (OCoLC)508286504 
040 |a CU-RivES  |c CU-RivES  |d CU-RivES  |d CStRLIN  |d CU-RivES  |d Cengage Gale  |d UtOrBLW 
050 4 |a Z2011  |b .G743 1776 
110 1 |a Great Britain. 
240 1 0 |a Public General Acts. 1775-1776. 16 Geo.III.c.54 
245 1 3 |a An Act to continue an Act, made in the fifth year of the reign of His late Majesty King George the Second, (intituled, An Act to prevent the committing of frauds by bankrupts) :  |b and also an Act, made in the fourteenth year of the reign of His present Majesty, (intituled, An Act to prohibit the importation of light silver coin of this realm from foreign countries into Great Britain or Ireland, and to restrain the tender thereof beyond a certain sum). 
264 3 |a London :  |b printed by Charles Eyre and William Strahan,  |c 1776. 
300 |a 1 online resource (2 unnumbered pages, 1251-1252 pages)  
336 |a text  |b txt  |2 rdacontent 
337 |a computer  |b c  |2 rdamedia 
338 |a online resource  |b cr  |2 rdacarrier 
500 |a At head of drop-head title: 'Anno decimo sexto Georgii III. Regis. Cap. LIV.'. 
500 |a Text in black letter. 
500 |a Last word of first line of text: 'men-'; first word of line below initial: 'jesty,'; last word of last full line of text: 'Par-'. 
500 |a Issued separately with a general titlepage, and also as part of: 'Anno Regni Georgii III. Regis Magnæ Britanniæ, Franciæ, and Hiberniæ, decimo sexto. At the Parliament begun and holden at Westminster, the twenty-ninth day of November, anno Domini 1774, .. And from thence continued, by several prorogations, to the twenty-sixth day of October, 1775; being the second session of the fourteenth Parliament of Great Britainches'. 
500 |a Imprint from general titlepage. 
509 |a Signed on first leaf of text: 14O2; no press fig. - Catalogued from microfilm 
510 4 |a English Short Title Catalog,  |c N57645. 
500 |a Reproduction of original from "Department of Special Collections, Kenneth Spencer Research Library, University of Kansas". 
500 |a Electronic resource. 
650 0 |a Meat industry and trade  |z Ireland. 
655 7 |a Electronic books.  |2 local 
710 2 |a Gale (Firm)  |0 http://id.loc.gov/authorities/names/no2008071348 
730 0 |a Anno Regni Georgii III. Regis Magnæ Britanniæ, Franciæ, & Hiberniæ, decimo sexto. At the Parliament begun and holden at Westminster, the twenty-ninth day of November, anno Domini 1774, .. And from thence continued, by several prorogations, to the twenty-sixth day of October, 1775; being the second session of the fourteenth Parliament of Great Britain. 
752 |a Great Britain  |b England  |d London. 
856 4 0 |u http://proxy.library.tamu.edu/login?url=http://find.galegroup.com/ecco/infomark.do?contentSet=ECCOArticles&docType=ECCOArticles&bookId=1356604100&type=getFullCitation&tabID=T001&prodId=ECCO&docLevel=TEXT_GRAPHICS&version=1.0&source=library&userGroupName=txshracd2898  |z Connect to the full text of this electronic book  |t 0 
999 f f |s 96249f8e-e9ca-3743-8932-a7bdd246f286  |i 19ec04bc-6dbb-3d1b-b44b-df56ae9502d4  |t 0 
952 f f |a Texas A&M University  |b College Station  |c Electronic Resources  |d Available Online  |t 0  |e Z2011 .G743 1776  |h Library of Congress classification 
998 f f |a Z2011 .G743 1776  |t 0  |l Available Online